The politics of nationalism and ethnicity, second edition / (Record no. 14396)
[ view plain ]
| 000 -LEADER | |
|---|---|
| fixed length control field | 01456nam a2200217 a 4500 |
| 001 - CONTROL NUMBER | |
| control field | ASIN0312215533 |
| 005 - DATE AND TIME OF LATEST TRANSACTION | |
| control field | 20170105102854.0 |
| 008 - FIXED-LENGTH DATA ELEMENTS--GENERAL INFORMATION | |
| fixed length control field | 130822s1998 xxu eng d |
| 020 ## - INTERNATIONAL STANDARD BOOK NUMBER | |
| International Standard Book Number | 0312215533 (paperback) |
| Terms of availability | $51.00 |
| 020 ## - INTERNATIONAL STANDARD BOOK NUMBER | |
| International Standard Book Number | 9780312215538 (paperback) |
| 040 ## - CATALOGING SOURCE | |
| Original cataloging agency | 0 |
| 082 ## - DEWEY DECIMAL CLASSIFICATION NUMBER | |
| Classification number | 320.54 |
| 100 1# - MAIN ENTRY--PERSONAL NAME | |
| Personal name | Kellas, James G. |
| 245 14 - TITLE STATEMENT | |
| Title | The politics of nationalism and ethnicity, second edition / |
| Statement of responsibility, etc. | James G. Kellas. |
| 250 ## - EDITION STATEMENT | |
| Edition statement | Second Edition. |
| 260 ## - PUBLICATION, DISTRIBUTION, ETC. | |
| Place of publication, distribution, etc. | [S.l.] : |
| Name of publisher, distributor, etc. | Palgrave Macmillan, |
| Date of publication, distribution, etc. | 1998. |
| 300 ## - PHYSICAL DESCRIPTION | |
| Extent | 258 p. ; |
| Dimensions | 22 cm. |
| 520 ## - SUMMARY, ETC. | |
| Summary, etc. | Nationalism and ethnicity have always been key elements in state-building and in the break-up of states, and never more so than in the world today. While there are many partial theories, there is no coherent general theory which adequately explains nationalism's political significance and salience. In this comprehensively revised and updated new edition, James Kellas reviews and assesses the main theoretical approaches to the study of nationalism that have been developed within a wide range of disciplines. He introduces a range of international case studies to explain the power of nationalism and ethnicity in politics, to identify the circumstances in which they flourish, and to evaluate various strategies of accommodation which have been developed to contain ethnic conflict. |
| 856 40 - ELECTRONIC LOCATION AND ACCESS | |
| Materials specified | Amazon.com |
| Uniform Resource Identifier | <a href="http://www.amazon.com/exec/obidos/ASIN/0312215533/chopaconline-20">http://www.amazon.com/exec/obidos/ASIN/0312215533/chopaconline-20</a> |
| 942 ## - ADDED ENTRY ELEMENTS (KOHA) | |
| Source of classification or shelving scheme | |
| Koha item type | Book |
| Withdrawn status | Lost status | Damaged status | Not for loan | Collection code | Permanent Location | Current Location | Shelving location | Date acquired | Total Checkouts | Full call number | Barcode | Date last seen | Price effective from | Koha item type |
|---|---|---|---|---|---|---|---|---|---|---|---|---|---|---|
| Centre for International Peace & Stability (CIPS) | Centre for International Peace & Stability (CIPS) | General Stacks | 08/22/2013 | 320.54 KEL 1998 | CIPS0000553 | 08/22/2013 | 08/22/2013 | Book |
